|
|
|
|
| LEADER |
00000nam a2200000 a 4500 |
| 001 |
vtls001394347 |
| 003 |
SK-MaSNL |
| 005 |
20260301115900.0 |
| 008 |
251113s1999 RU ac rb 0 rus |
| 020 |
|
|
|a 5070028456
|c [100,00]
|
| 035 |
|
|
|a SNK000348674
|
| 040 |
|
|
|a SNK
|b slo
|c SNK
|e AACR2
|
| 044 |
|
|
|a RU
|
| 080 |
|
|
|a 929 Puškin, A.S.
|2 1981
|
| 080 |
|
|
|a 882(091) Puškin, A.S.
|2 1981
|
| 100 |
1 |
|
|a Fridkin, Vladimir Michajlovič
|4 aut
|9 461586
|
| 245 |
1 |
|
|a Gibel' Puškina. Poltora veka spustja
|c V.M. Fridkin
|
| 260 |
|
|
|a Moskva
|b Znanije
|c 1999
|
| 300 |
|
|
|a 189 s.
|c 20 cm
|
| 490 |
1 |
|
|a Mir iskusstv
|v no 1/1999
|
| 600 |
1 |
|
|a Puškin, Aleksandr Sergejevič,
|d 1799-1837
|2 SNK
|9 16675
|
| 830 |
|
0 |
|a Mir iskusstv
|9 461587
|
| 919 |
|
|
|a 5-07-002845-6
|
| 999 |
|
|
|c 723922
|d 725852
|
| 952 |
|
|
|t P60, <04>, [BOOK], {604}
|a SNK
|b SNK
|y VYP
|7 0
|p 17A0253276
|o snkID 96741
|i snkV 1656/2000
|0 0
|1 0
|4 0
|d 2000-10-17
|l 0
|r 2005-01-02 00:00:00
|w 2026-02-23
|